Test de Rapidité : Allez de 1 à 200 - Statistiques

Statistiques générales
  • Ce quiz a été pris 143 fois
  • Le résultat moyen est 83 sur 200
Statistiques - réponses
Nombres % Correct
1
99%
2
99%
3
99%
4
99%
5
99%
6
99%
7
99%
8
97%
9
97%
11
92%
21
92%
10
91%
24
91%
12
90%
14
90%
22
90%
23
90%
20
89%
25
89%
28
89%
31
89%
13
87%
15
87%
16
87%
17
87%
19
87%
26
87%
27
87%
18
86%
29
86%
30
86%
32
86%
34
86%
33
85%
41
85%
35
84%
36
82%
37
82%
61
82%
38
81%
39
81%
42
81%
45
81%
40
80%
44
80%
51
78%
43
77%
54
77%
46
75%
49
75%
52
75%
53
75%
56
75%
60
75%
65
75%
47
73%
48
73%
50
73%
55
73%
57
73%
58
73%
59
73%
62
73%
63
72%
64
72%
66
72%
67
71%
68
70%
70
70%
71
70%
76
70%
72
68%
73
68%
69
67%
78
67%
77
66%
74
65%
75
65%
80
65%
79
63%
81
63%
82
59%
83
58%
84
58%
90
57%
88
56%
85
54%
86
54%
87
54%
92
54%
100
53%
89
53%
98
53%
99
53%
91
52%
94
52%
93
51%
95
49%
96
49%
97
49%
101
46%
102
41%
103
35%
104
33%
105
29%
111
25%
106
24%
107
23%
108
23%
110
23%
112
23%
109
22%
113
20%
114
18%
115
18%
116
18%
121
18%
120
16%
119
15%
122
15%
123
15%
117
14%
118
14%
125
14%
124
13%
126
13%
131
11%
127
10%
128
10%
129
9%
130
9%
200
8%
132
5%
141
5%
133
4%
134
4%
135
4%
145
4%
136
3%
146
3%
150
3%
151
3%
155
3%
159
3%
160
3%
166
3%
170
3%
177
3%
180
3%
188
3%
190
3%
199
3%
137
1%
138
1%
144
1%
147
1%
148
1%
149
1%
152
1%
154
1%
161
1%
163
1%
165
1%
171
1%
178
1%
181
1%
182
1%
189
1%
191
1%
192
1%
139
0%
140
0%
142
0%
143
0%
153
0%
156
0%
157
0%
158
0%
162
0%
164
0%
167
0%
168
0%
169
0%
172
0%
173
0%
174
0%
175
0%
176
0%
179
0%
183
0%
184
0%
185
0%
186
0%
187
0%
193
0%
194
0%
195
0%
196
0%
197
0%
198
0%
Aucun quiz correspondant
Distribution des résultats
% des personnes avec chaque résultat
Percentile par nombre de réponses
Votre historique - résultats
Vous n’avez pas pris ce quiz